000 00613cam a2200145 4500500
005 20260208010105.0
041 _afre
042 _adc
100 1 0 _aBoudou, Bénédicte
_eauthor
245 0 0 _aHÉLÈNE PARENTY, Isaac Casaubon helléniste. Des Studia humanitatis à la philologie. Genève, Droz, THR n° CDLIV, 2009. Un vol. de 484 p.
260 _c2013.
500 _a49
786 0 _nRevue d'histoire littéraire de la France | 112 | 4 | 2013-02-04 | p. 963i-977i | 0035-2411
856 4 1 _uhttps://shs.cairn.info/revue-d-histoire-litteraire-de-la-france-2012-4-page-963i?lang=fr&redirect-ssocas=7080
999 _c1655108
_d1655110